000 00428nam a2200169Ia 4500
008 121129t1985 xxu||||| |||| 00| 0 sin d
041 _asin
080 _a8S-1
_bMAR
100 _aMenike Marasinghe .B
245 _aකවි කඳුළු
246 _aKavi Kandulu
260 _bWishaka Printers
_aSiyambalape
_c1985
300 _b17p., 20 cm
942 _cBK
999 _c74837
_d74837
003 LK-CoDNM
040 _aLK-CoDNM
_dLK-CoDNM
_eLK-CoDNM